Mesura de la satisfacció del ciutadà en relació al comerç dels centres urbans / [realització: Modest Guinjoan, Jordi Pons, Consulting Barcelona Economia] Modest Guinjoan, Jordi Pons, Consulting Barcelona Economia]

per Guinjoan i Ferré, Modest

Descripció física: 124 p. : il., taules, gràf. ; 30 cm
Altres autors: Pons, Jordi

MARC

LEADER 00000nam a2200000Ia 4500
001 15373
003 BGR
005 20260324175322.0
008 160829s9999 xx 000 0 cat d
080 |a M-4-310 
100 |a Guinjoan i Ferré, Modest  |9 26728 
245 |a Mesura de la satisfacció del ciutadà en relació al comerç dels centres urbans / [realització:  |b  Modest Guinjoan, Jordi Pons, Consulting Barcelona Economia] 
260 |a [Barcelona] :  |b Diputació de Barcelona, Xarxa de Municipis, Àrea de Promoció Econòmica i Ocupació, Servei de Promoció Econòmica Local, [2003] 
300 |a 124 p. :  |b  il., taules, gràf. ;  |c 30 cm 
590 |a Bibliografia 
650 |a Comerç  |x Barcelona (Província)  |x Avaluació  |x Enquestes  |9 26729 
700 |a Pons, Jordi   |9 26730 
710 2 |a Consulting Barcelona Economia   |9 70666 
710 1 |a Barcelona (Catalunya : Província).  |b Diputació  |b Servei de Promoció Econòmica Local  |9 52408 
901 |a Arxiu 
942 |n 1  |2 udc  |c MON 
952 |0 0  |1 0  |4 0  |6 M4310  |7 1  |9 44116  |a Arxiu  |b Arxiu  |d 2016-12-01  |l 0  |o M-4-310  |p 15373  |r 2016-12-01 00:00:00  |w 2016-12-01  |y ARXIU 
999 |c 46696  |d 46696